Entry Nombre personal
001 - NÚMERO DE CONTROL
- campo de control: 36614
003 - IDENTIFICADOR DE NÚMERO DE CONTROL
- campo de control: OSt
005 - FECHA Y HORA DE LA ÚLTIMA TRANSACCIÓN
- campo de control: 20250625164824.0
008 - ELEMENTOS DE DATO DE LONGITUD-FIJA
- campo de control de longitud fija: 961213 n acnnnaaan n ann d
040 ## - FUENTE DE CATALOGACIÓN
- Centro catalogador/agencia de origen: OSt
- Centro/agencia transcriptor: OSt
100 1# - ENCABEZAMIENTO-NOMBRE DE PERSONA
- Nombre de persona: Santiago Castelo,
- Fechas asociadas al nombre: 1948-2015
400 1# - TRAZADO DE VÉASE--NOMBRE DE PERSONA
- Nombre de persona: Castelo, Santiago (
- Fechas asociadas al nombre: 1948-2015)
400 1# - TRAZADO DE VÉASE--NOMBRE DE PERSONA
- Nombre de persona: Santiago Castelo, J. M. (
- Fechas asociadas al nombre: 1948-2015)
400 1# - TRAZADO DE VÉASE--NOMBRE DE PERSONA
- Nombre de persona: Santiago Castelo, José Miguel (
- Fechas asociadas al nombre: 1948-2015)
